Economics and management of climate change: risks, mitigation and adaptation (Record no. 6463)

MARC details
000 -LEADER
fixed length control field 00506nam a2200169Ia 4500
020 ## - INTERNATIONAL STANDARD BOOK NUMBER
ISBN 9780387773520
082 ## - DEWEY DECIMAL CLASSIFICATION NUMBER
Classification number 363.738746 ECO-
245 #0 - TITLE STATEMENT
Title Economics and management of climate change: risks, mitigation and adaptation
260 ## - PUBLICATION, DISTRIBUTION, ETC. (IMPRINT)
Place of publication New York
Name of publisher Springer
Year of publication 2008
300 ## - PHYSICAL DESCRIPTION
Number of Pages ix, 304
650 ## - SUBJECT ADDED ENTRY--TOPICAL TERM
Topical Term Climatic changes
Form subdivision Risk assessment
650 ## - SUBJECT ADDED ENTRY--TOPICAL TERM
Topical Term Climatic changes
Form subdivision Risk management
650 ## - SUBJECT ADDED ENTRY--TOPICAL TERM
Topical Term Climatic changes
Form subdivision Economic aspects
700 ## - ADDED ENTRY--PERSONAL NAME
Personal name Antes, Ralf
700 ## - ADDED ENTRY--PERSONAL NAME
Personal name Hansjurgens, Bernd
942 ## - ADDED ENTRY ELEMENTS (KOHA)
Koha item type Books
Holdings
Withdrawn status Lost status Damaged status Not for loan Home library Current library Date acquired Source of acquisition Bill Date Full call number Accession Number Price effective from Koha item type
        NASSDOC Library NASSDOC Library 20/02/2009 VARDH 2008-12-30 363.738746 ECO- 45114 18/04/2019 Books